Music Quiz

Random Music or Song Quiz
Score 0/15 Timer 05:00
0 Plays Today
Artist Song % Correct
Twisted SisterWe're Not Gonna Take It
72.7%
Cyndi LauperShe Bop
63.6%
Sheena EastonSugar Walls
54.5%
PrinceDarling Nikki
45.5%
AC/DCLet Me Put My Love into You
27.3%
Judas PriestEat Me Alive
18.2%
VanityStrap on Robbie Baby
18.2%
Motley CrueBastard
18.2%
Artist Song % Correct
MadonnaDress You Up
18.2%
Mary Jane GirlsIn My House
18.2%
W.A.S.P.Animal (**** like a Beast)
9.1%
Mercyful FateInto the Coven
9.1%
VenomPossessed
9.1%
Def LeppardHigh N' Dry (Saturday Night)
0%
Black SabbathTrashed
0%
Remove Ads.
Support Sporcle.
Get the best of Sporcle when you Go Orange. This ad-free experience offers more features, more stats, and more fun while also helping to support Sporcle. Thank you for becoming a member.

You're not logged in!

Compare scores with friends on all Sporcle quizzes.
OR
Log In

Show Comments

Extras

Top Quizzes Today


Score Distribution

Your Account Isn't Verified!

In order to create a playlist on Sporcle, you need to verify the email address you used during registration. Go to your Sporcle Settings to finish the process.

Report this User

Report this user for behavior that violates our Community Guidelines.

Details: